00864nam a2200241Ia 450000100060000000300090000600800410001504000130005604000130006904100120008210000190009410000290011324500490014224500510019125000110024226000120025326000180026526000490028330000590033250001570039165000430054865000310059157457IT-RoPAU130308s9999 xx 000 0 und d aIT-RoPAU cIT-RoPAU aINGLESE aElliott Philip gCodice Aut. SPICS: 6962 aMass Communication-A Contradiction in Terms? bSociology Of Mass Communications (II Edizione) a2a ed. aENGLAND bPenguin Books c1976 [1° Ed.:1972 - Ed.Ling.Originale:1972] a"22 p. (prefazione: no ; testo: 22 [pagine: 237-258])" aComunicazione di Massa Contraddizione Nei Termini? Limiti della Comunicazione televisiva Tipologia della Comunicazione televisiva Media Ascolto Societa' aSOCIOLOGIA DELLA COMUNICAZIONE SOCIALE eCodice materia Spics: 3806